00937nam a2200265 a 450000100060000000300080000600500170001400800410003103500190007204000320009104100080012308200280013110000260015924501420018525000110032726000350033830000270037349000330040050000190043365000550045265000350050765000690054270000270061183000330063843567BD-RjUL20211209053721.0160625s1959 ii l 000 0 eng  a(BD-RjUL)43685 aDLCcCLUdDLCdBD-RjULbeng aeng 223a344.54021bBAW 1959 aBaksi, Jnanendra Nath10aWorkmen's compensation act and other social insurance legislations (union and state) /cby Jnanendra Nath Baksi and Jitendra Kumar Mitra. a2d ed. aCalcutta :bS.C. Sarkar,c1959 axLii, 418 p. ;c23 cm. aLabour LegislationvVolume I aIncludes Index 0aWorkers' compensationxLaw and legislationzIndia. 0aWorkers' compensation zIndia. 0aMaternal and infant welfarexLaw and legislationzIndiaxStates.1 aMitra, Jitendra Kumar, aLabour LegislationvVolume I